| 000 -ლიდერი |
| ფიქსირებული სიგრძის საკონტროლო ველი |
01357nam a22002177a 4500 |
| 003 - საკონტროლო ნომრის იდენტიფიკატორი |
| საკონტროლო ველი |
Ge_BSU |
| 005 - ბოლო ოპერაციის თარიღი და დრო |
| საკონტროლო ველი |
20230707144412.0 |
| 008 - ფიქსირებული სიგრძის მონაცემთა ელემენტები - ზოგადი ინფორმაცია |
| ფიქსირებული სიგრძის საკონტროლო ველი |
230707s1988ge xxu||||| |||| 00| 0 geo d |
| 020 ## - წიგნის საერთაშორისო სტანდარტული ნომერი |
| International Standard Book Number |
9992856505 |
| 041 ## - ენის კოდი |
| Language code of text/sound track or separate title |
geo |
| 080 ## - უნივერსალური ათობითი კლასიფიკაციის ინდექსი |
| Universal Decimal Classification number |
930(37)(092) ბ-51 |
| 245 ## - ცნობა სათაურის შესახებ |
| Title |
ბერძენი და რომაელი ისტორიკოსები / |
| Statement of responsibility, etc |
[რედ. გ. ქავთარია]. |
| 264 ## - წარმოების, გამოცემის, დისტრიბუციის და სხვა ცნობები |
| გამოცემის, წარმოების, დისტრიბუციის... ადგილი |
თბილისი: |
| გამოცემის, წარმოების, დისტრიბუციის... სახელწოდება |
თბილ. უნ-ტის გამ-ბა, |
| გამოცემის, წარმოების, დისტრიბუციის... თარიღი |
1998. |
| 300 ## - ფიზიკური აღწერა |
| Extent |
283 გვ. ; |
| Other physical details |
20 სმ. |
| 500 ## - ზოგადი შენიშვნა |
| General note |
წიგნში ქრონოლოგიური თანამიმდევრობით განხილულია ყველა თვალსაჩინო ბერძენი და რომაელი ისტორიკოსი. მოთხრობილია იმ როლზე, რომელიც მათ შეასრულეს ანტიკური სამყაროს უკვდავსაყოფად. |
| 504 ## - BIBLIOGRAPHY, ETC. NOTE |
| Bibliography, etc |
ბიბლიოგრ. ტექსტ. შენიშვნ. |
| 653 ## - INDEX TERM--UNCONTROLLED |
| Uncontrolled term |
ბერძენი ისტორიკოსები |
| 653 ## - INDEX TERM--UNCONTROLLED |
| Uncontrolled term |
რომაელი ისტორიკოსები |
| 700 ## - ADDED ENTRY--PERSONAL NAME |
| Personal name |
ქავთარია, გ |
| Relator term |
რედაქტორი |
| 9 (RLIN) |
17549 |
| 942 ## - ADDED ENTRY ELEMENTS (KOHA) |
| Source of classification or shelving scheme |
|
| Koha item type |
წიგნი |